00690nam a2200169 i 450000100060000000300090000600500170001500700030003200800410003510000320007624502200010826000850032830000210041360000350043465000270046985200240049669329ES-MaACL20230906170508.0t|040705s1945 cu |||| | spa d1 aGarcía Bárcena, Rafael.14aLos aforismos de Luz y Caballero / cRafael García Bárcena ; prólogo de la edición de los "Aforismos", que se han publicado en la Biblioteca de Autores Cubanos de la Editorial de la Universidad de La Habana. aLa Habana : b[Universidad de La Habana], c1945 (fImp. Ucar, García y Cía) a35 p. ; c23 cm.14aLuz y Caballero, José de la.04aMáximas y aforismos. aES-MaACLj1700-F-19